|
|
|
|
| LEADER |
00000cam a2200000 a 4500 |
| 001 |
vtls001546621 |
| 003 |
SK-MaSNL |
| 005 |
20260311135022.0 |
| 008 |
250313s1977 xo g g 000 0dslo |
| 020 |
|
|
|q (brož.)
|
| 035 |
|
|
|a 1C015F57-F695-4FE5-BC44-69B8BB639C36
|
| 035 |
|
|
|a urn:nbn:sk:snk-amybwn
|
| 035 |
|
|
|a urn:nbn:sk:snk-am00ch3b
|
| 040 |
|
|
|a SNK
|b slo
|c SNK
|e AACR2
|
| 041 |
0 |
|
|a slo
|
| 044 |
|
|
|a xo
|c SK
|
| 072 |
|
7 |
|a 784
|x Vokálna hudba
|2 konspekt
|
| 080 |
|
|
|a 784.3/.7(=162.4)
|2 2001
|
| 080 |
|
|
|a 323.382
|2 2001
|
| 080 |
|
|
|a (437)
|2 2001
|
| 080 |
|
|
|a (0:82-192)
|2 2001
|
| 245 |
0 |
0 |
|a Spevník robotníckych piesní
|c zostavil Václav Chlumecký-Enšpenger
|
| 250 |
|
|
|a 2. rev. a dopl. vyd.
|
| 260 |
|
|
|a Martin
|b Matica slovenská
|c 1977
|
| 300 |
|
|
|a 56 s.
|b noty
|c 20 cm
|
| 366 |
|
|
|e 5000 výt.
|
| 490 |
1 |
|
|a Dokumentácia. Faksimile - tlače - ruskopisy
|
| 500 |
|
|
|a Biogr. údaje
|
| 650 |
0 |
7 |
|a robotnícke piesne
|2 SNKPH
|9 106265
|
| 651 |
|
7 |
|a Československo
|2 SNKPH
|9 21376
|
| 655 |
|
7 |
|a spevníky
|2 SNKPH
|9 70506
|
| 700 |
1 |
|
|a Chlumecký, Václav,
|d 1861-1944
|4 com
|9 256525
|
| 830 |
|
0 |
|a Dokumentácia. Faksimile - tlače - rukopisy
|9 588716
|
| 852 |
|
|
|a Slovenská národná knižnica
|
| 958 |
|
|
|a OND
|
| 999 |
|
|
|c 905508
|d 907438
|
| 952 |
|
|
|a SNK
|b SNK
|y NEVYP
|7 7
|p 17A0530146
|o snkSD 47370 D9
|i snkD 1284/77
|8 1
|0 0
|1 0
|4 0
|d 2007-02-08
|l 0
|r 2026-02-24 07:27:09
|w 2026-02-24
|
| 952 |
|
|
|a SNK
|b SNK
|y VYP
|7 0
|p 17A0530079
|o snkSD 47370 D1
|i snkKSP 6704/77
|0 0
|1 0
|4 0
|d 2007-02-08
|l 0
|r 2026-02-24 07:27:09
|w 2026-02-24
|
| 952 |
|
|
|a SNK
|b SNK
|y VYP
|7 0
|p 17A0530078
|o snkSD 47370 D2
|i snkD 1277/77
|8 1
|0 0
|1 0
|4 0
|d 2007-02-08
|l 0
|r 2026-02-24 07:27:09
|w 2026-02-24
|
| 952 |
|
|
|a SNK
|b SNK
|y NEVYP
|7 7
|p 17A0532175
|o snkSD 47370 D3
|i snkD 1278/77
|8 1
|0 0
|1 0
|4 0
|d 2007-02-08
|l 0
|r 2026-02-24 07:27:09
|w 2026-02-24
|
| 952 |
|
|
|a SNK
|b SNK
|y NEVYP
|7 7
|p 17A0532187
|o snkSD 47370 D4
|i snkD 1279/77
|8 1
|0 0
|1 0
|4 0
|d 2007-02-08
|l 0
|r 2026-02-24 07:27:09
|w 2026-02-24
|
| 952 |
|
|
|a SNK
|b SNK
|y NEVYP
|7 7
|p 17A0532270
|o snkSD 47370 D5
|i snkD 1280/77
|8 1
|0 0
|1 0
|4 0
|d 2007-02-08
|l 0
|r 2026-02-24 07:27:09
|w 2026-02-24
|
| 952 |
|
|
|a SNK
|b SNK
|y NEVYP
|7 7
|p 17A0530149
|o snkSD 47370 D6
|i snkD 1281/77
|8 1
|0 0
|1 0
|4 0
|d 2007-02-08
|l 0
|r 2026-02-24 07:27:09
|w 2026-02-24
|
| 952 |
|
|
|a SNK
|b SNK
|y NEVYP
|7 7
|p 17A0530077
|o snkSD 47370 D7
|i snkD 1282/77
|8 1
|0 0
|1 0
|4 0
|d 2007-02-08
|l 0
|r 2026-02-24 07:27:10
|w 2026-02-24
|
| 952 |
|
|
|a SNK
|b SNK
|y NEVYP
|7 7
|p 17A0530148
|o snkSD 47370 D8
|i snkD 1283/77
|8 1
|0 0
|1 0
|4 0
|d 2007-02-08
|l 0
|r 2026-02-24 07:27:10
|w 2026-02-24
|
| 952 |
|
|
|a SNK
|b SNK
|y PREZ
|7 0
|p 17A0592080
|o snkSD 47370
|i snkKSP 6703/77
|0 0
|1 0
|4 0
|d 2008-09-08
|f 1
|l 0
|r 2026-02-24 07:27:10
|w 2026-02-24
|